007700000a22001810004500090001400000245010000014650002300114650003000137651004400167653004400211041001300255700003100268100002500299942001300324773007600337999001700413952015800430 aARb0244810aNew subspecies of the rock squirrel, Spermophilus variegatus, from isla Tiburon, Sonora, Mexico14aMamíferos99251014aNuevas subespecies993107 4mIsla TiburóndSonorapMéxico992749 gSpermopohiluseSpermopohilus variegatus0 aInglés1 aManning, Richard W.9959861 aJones, J. Knox99498 cARTICULO1 tOccasional Papers: Museum of Texas Tech University3430h127q1-4d1989 c11515d11515 001040718HEMEROTECAaBogotabBogotad2015-02-27hFuera de circulaciónl0oAR 02448p012855r2015-03-25 00:00:00t1w2015-03-25xDonaciónyARTICULO